Jerry Lewis Movies Quiz Stats

 Plays Quiz Updated Aug 20, 2017

Challenge
Share
Tweet
Embed
Score 0/54 Timer 15:00
1 Play Today
Year Movie Title % Correct
1963The Nutty Professor
87.9%
2008The Nutty Professor
87.9%
1983The King of Comedy
50.7%
1960The Bellboy
45%
1960Cinderfella
35.8%
1949My Friend Irma
27.9%
1953The Caddy
25.5%
1964The Disorderly Orderly
24.9%
1961The Ladies Man
24.8%
1950At War With The Army
23.9%
1955Artists And Models
23.8%
1961The Errand Boy
23.5%
1965The Family Jewels
22.9%
1950My Friend Irma Goes West
22.8%
1956Pardners
22.2%
1964The Patsy
22.1%
1951The Stooge
22%
1958The Geisha Boy
21.9%
1981Hardly Working
21.6%
1957The Delicate Delinquent
20.3%
1965Boeing, Boeing
20.3%
1963Who's Minding the Store?
20.2%
1956Hollywood or Bust
20.1%
1952Jumping Jacks
19.7%
1958Rock-A-Bye Baby
19.7%
1953Scared Stiff
19.6%
1951That's My Boy
18.8%
Year Movie Title % Correct
1966Three On A Couch
18%
1952Sailor Beware
17.3%
1954Living It Up
17.3%
1968Don't Raise The Bridge, Lower The River
17.3%
1957The Sad Sack
17.1%
1970Which Way to the Front?
16.9%
1966Way... Way Out
16.5%
1960Visit To A Small Planet
16.4%
19543 Ring Circus
15.9%
1953Money From Home
15.7%
1995Funny Bones
15.3%
1955You're Never Too Young
14.5%
2010Max Rose
14.4%
1969Hook, Line and Sinker
14.3%
1967The Big Mouth
14.1%
1983Cracking Up
14.1%
1994Arizona Dream
13.5%
1962It's Only Money
13.4%
1959Don't Give Up The Ship
12.7%
2016The Trust
11.5%
1992Mr. Saturday Night
11.4%
1982Slapstick of Another Kind
10.9%
1989Cookie
10.8%
2010Curious George 2: Follow That Monkey
8.7%
2013Till Luck Do Us Part 2
7%
1984How Did You Get In? We Didn't See You Leave
6.9%
1984To Catch a Cop
6.2%

You're not logged in!

Compare scores with friends on all Sporcle quizzes.
OR
Log In

You Might Also Like...

Show Comments

Extras

Top Quizzes Today


Score Distribution

Your Account Isn't Verified!

In order to create a playlist on Sporcle, you need to verify the email address you used during registration. Go to your Sporcle Settings to finish the process.

Report this User

Report this user for behavior that violates our Community Guidelines.

Details: